唯一のタイプの組み合わせを持つポケモン - Statistics

General Stats
  • This quiz has been taken 616 times
  • The average score is 22 of 35
Answer Stats
ポケモン タイプ1 タイプ2 備考 % Correct
ロトム でんき ゴースト フォルムチェンジ
89%
ロトム でんき ほのお フォルムチェンジ
89%
ライチュウ でんき エスパー アローラのすがた
88%
ボルケニオン ほのお みず
86%
キュウコン こおり フェアリー アローラのすがた
82%
ゾロアーク系統 ノーマル ゴースト ヒスイのすがた
80%
サンドパン系統 こおり はがね アローラのすがた
76%
ユキメノコ こおり ゴースト
76%
ヒードラン ほのお はがね
75%
ユキノオー系統 くさ こおり
75%
ヒヒダルマ こおり ほのお ガラルのすがた・モードチェンジ
75%
エンペルト みず はがね
74%
モスノウ系統 こおり むし
73%
メガチルタリス ドラゴン フェアリー メガシンカ
73%
カエンジシ ほのお ノーマル
67%
ストリンダー系統 でんき どく
67%
ビーダル ノーマル みず
66%
クロバット系統 どく ひこう
66%
ヌケニン むし ゴースト
63%
アブリボン系統 むし フェアリー
59%
モルペコ でんき あく
58%
マンムー系統 こおり じめん
56%
エレザード系統 でんき ノーマル
52%
ガチゴラス系統 いわ ドラゴン
52%
オーロンゲ系統 あく フェアリー
52%
ネンドール系統 じめん エスパー
51%
ケケンカニ かくとう こおり
48%
タギングル系統 どく ノーマル
48%
バンギラス いわ あく
48%
ドドゲザン系統 あく はがね
48%
ブロロローム系統 はがね どく
46%
エクスレッグ むし あく
45%
テツノブジン フェアリー かくとう
39%
テラキオン いわ かくとう
33%
イダイナキバ じめん かくとう
27%
No matching quizzes found
Score Distribution
Percent of People with Each Score
Percentile by Number Answered
Your Score History
You have not taken this quiz